Tennessee Titans 2021 Roster - Statistics

General Stats
  • This quiz has been taken 71 times
  • The average score is 14 of 34
Answer Stats
Pos. Player % Correct
RB Derrick Henry
100%
QB Ryan Tannehill
100%
WR AJ Brown
96%
LB Jayon Brown
91%
WR Julio Jones
76%
C Ben Jones
73%
S Kevin Byard
73%
DE Jeffrey Simmons
64%
OT Taylor Lewan
64%
Coach Mike Vrabel
62%
P Brett Kern
44%
LB Harold Landry
42%
QB Logan Woodside
40%
S Amani Hooker
38%
TE Anthony Firkser
36%
OG Nate Davis
36%
DT Teair Tart
31%
RB Darrynton Evans
29%
LB Rashaan Evans
29%
CB Caleb Farley
27%
DE Denico Autry
27%
TE Geoff Swaim
24%
OG Rodger Saffold
24%
CB Kristian Fulton
22%
CB Janoris Jenkins
18%
CB Elijah Molden
16%
OT Dillon Radunz
15%
LB Bud Dupree
13%
WR Dez Fitzpatrick
13%
QB DeShone Kizer
11%
WR Josh Reynolds
11%
WR Cameron Batson
5%
K Tucker McCann
4%
DT Woodrow Hamilton
2%
No matching quizzes found
Score Distribution
Percent of People with Each Score
Percentile by Number Answered
Your Score History
You have not taken this quiz